00679nam a2200181 a 450000100100000000500170001000800410002704000250006810000450009324500380013824600500017626000350022630000200026171000850028104900090036695201050037599900170048000002682520250502073819.0110325s1969 dr 000 0 spa d aDO-SdBNPbspacBNHPU1 aRodríguez R., Víctor Melitón9736710aRelaciones humanas en el trabajo.1 aApuntes de supervisión y relaciones humanas aSanto Domingo, :bOnap,c1969. a60 p. ;c28 cm.1 aRepública Dominicana.bOficina Nacional de Administración y Personal 926398 aBNPD 0010718PDaPDbPDcCTd2011-03-25iLF1l0o p26825-10r2020-06-25w2020-06-25yLFPDZNo se presta c26317d26317